000 00409nam a22001697a 4500
005 20160624095707.0
008 160624b xxu||||| |||| 00| 0 eng d
020 _a81-318-0129-2
041 _aeng
082 _b9487
100 _aRajpat, R.K.
_92616
245 _aThermal Science and Engineering
260 _bLaxmi Publication
_c2011
300 _a520
650 _aDiploma Engineering
_9817
942 _cBK
999 _c3750
_d3749